Statistics for Denmark true or false

Click here to take the quiz!

General Stats

  • This quiz has been taken 30 times
  • The average score is 12 of 15

Answer Stats

QuestionAnswer% Correct
Denmark is the smallest country in Europe.False
100%
Denmark has the oldest continuously used flag in the worldTrue
100%
France and Denmark border each otherFalse
96%
Ikea started in DenmarkFalse
96%
Oslo is the capital of DenmarkFalse
96%
Greenland is a part of DenmarkTrue
96%
Denmark once controlled IcelandTrue
96%
Bluetooth is named after a Danish kingTrue
88%
Denmark is the most western Scandinavian country (mainland Denmark)False
81%
Denmark has a place called ZealandTrue
77%
Denmark has over 400 islandsTrue
73%
Denmark once had colonies in MexicoFalse
69%
Denmark is the least corrupt country in the worldTrue
65%
Denmark borders Sweden and GermanyFalse
42%
The Danish pastry originated in Aarhus DenmarkFalse
38%

Score Distribution

Percentile by Number Answered

Percent of People with Each Score

Your Score History

You have not taken this quiz